000 00320nam a22001337a 4500
008 171018b xxu||||| |||| 00| 0 eng d
020 _a9780875841977
041 _aeng
080 _a338
100 _a53
101 _aMEN
245 _aCOST MANAGEMENT FOR TODAY'S ADVANCED MANUFACTURING
_cBERLINER,C
942 _2udc
_cBK
999 _c34804
_d34804